| 000 | 00444nam a2200169Ia 4500 | ||
|---|---|---|---|
| 008 | 180921t2019 xxu||||| |||| 00| 1 sin d | ||
| 041 | _asin | ||
| 080 |
_aX8C31 _bROH |
||
| 100 | _aRohana, Sunil | ||
| 245 | _aඔබ වැරදි නැහැ දුවේ... | ||
| 246 | _aOba Weradi Nehe Duwe… | ||
| 260 |
_bAuthor _aMoratuwa _c2019 |
||
| 300 | _a207p., 21cm | ||
| 942 | _cBK | ||
| 999 |
_c8167 _d8167 |
||
| 003 | LK-CoDNM | ||
| 040 |
_aLK-CoDNM _dLK-CoDNM _eLK-CoDNM |
||